[Event "Torneio Rio Masters - S2000"]
[Site "Hotel Mirador - Copacabana"]
[Date "2022.05.13"]
[Round "4.2"]
[White "Da Silva, Paolo Ghiu M. Rego"]
[Black "Silva, Kaua Marques"]
[Result "1/2-1/2"]
[WhiteElo "2124"]
[BlackElo "2126"]
[PlyCount "165"]
[EventDate "2022.05.10"]
[EventRounds "6"]
[EventCountry "BRA"]

1. d4 Nf6 2. Nf3 e6 3. g3 b6 4. Bg2 Bb7 5. O-O c5 6. b3 Be7 7. Bb2 O-O 8. c4
cxd4 9. Qxd4 Nc6 10. Qf4 d5 11. Na3 Qb8 12. Qxb8 Raxb8 13. cxd5 Nxd5 14. Nc4
Rbc8 15. Rac1 Ba6 16. Nfd2 Rfd8 17. Rfd1 b5 18. Bxd5 Rxd5 19. Ne3 Rdd8 20. Ne4
Rxd1+ 21. Rxd1 f5 22. Nd2 Rd8 23. Nf3 Rxd1+ 24. Nxd1 Nb4 25. Nd4 Kf7 26. a3 Nd5
27. Nc6 Bc5 28. b4 Bb6 29. Nc3 Nxc3 30. Bxc3 Bb7 31. Ne5+ Ke7 32. Nd3 g6 33.
Be5 Bd5 34. h4 a5 35. Kf1 Bc4 36. Nf4 Kf7 37. Ke1 Bd8 38. Kd2 axb4 39. axb4 Be7
40. Kc3 Bf6 41. Kd4 Be7 42. Kc3 h6 43. e3 Bf6 44. Kd4 Be7 45. Kc3 g5 46. hxg5
hxg5 47. Ng2 Ke8 48. f4 g4 49. Bd4 Bf1 50. Ne1 Kd7 51. Bc5 Bf6+ 52. Bd4 Bd8 53.
Nd3 Kc6 54. Nc5 Kd5 55. Nb7 Bc7 56. Nc5 Bg2 57. Kd3 Bf3 58. Kc3 Be4 59. Nb3 Bg2
60. Nd2 Bf3 61. Bc5 Bd8 62. Kd3 Be4+ 63. Ke2 Bc2 64. Bd4 Be7 65. Bc3 Bd6 66.
Ke1 Bc7 67. Bd4 Bd3 68. Kf2 Bb8 69. Ke1 Bd6 70. Bc3 e5 71. fxe5 Be7 72. Kf2 Bg5
73. Bd4 Be7 74. Bc3 Bd8 75. Bd4 Bc7 76. Kg2 Bb8 77. Kf2 Be4 78. Ke2 Bc7 79. Kf2
Bd8 80. Kf1 Bc7 81. Kf2 Bxe5 82. Bxe5 Kxe5 83. Kf1 1/2-1/2

[Event "Torneio Rio Masters - S2000"]
[Site "Hotel Mirador - Copacabana"]
[Date "2022.05.13"]
[Round "4.3"]
[White "Limp, Eduardo Thelio"]
[Black "Viana, Dirceu"]
[Result "1/2-1/2"]
[WhiteElo "2322"]
[BlackElo "2170"]
[PlyCount "103"]
[EventDate "2022.05.10"]
[EventRounds "6"]
[EventCountry "BRA"]

1. b3 d5 2. Bb2 c5 3. e3 Nf6 4. Nf3 a6 5. c4 e6 6. Be2 Nc6 7. cxd5 exd5 8. d4
cxd4 9. Nxd4 Bb4+ 10. Bc3 Bc5 11. Nxc6 bxc6 12. Nd2 O-O 13. O-O Bf5 14. Qc1 Bd6
15. Qb2 Qe7 16. Nf3 Be4 17. Rad1 Rfc8 18. Be5 a5 19. Bxd6 Qxd6 20. Nd2 Bf5 21.
h3 a4 22. Bf3 axb3 23. axb3 Qb4 24. Ra1 h6 25. Ra2 c5 26. Rc1 Rxa2 27. Qxa2 Bd3
28. Nb1 Rb8 29. Nc3 Qxb3 30. Qxb3 Rxb3 31. Nxd5 Nxd5 32. Bxd5 Rb1 33. Rxb1 Bxb1
34. Kf1 Kf8 35. Ke2 Ke7 36. Kd2 f6 37. f4 Kd6 38. Bc4 Be4 39. g3 g5 40. h4 Bd5
41. Bd3 gxh4 42. gxh4 c4 43. Bf1 Kc5 44. Kc3 Bf7 45. e4 Be6 46. Bg2 Bd7 47. e5
fxe5 48. fxe5 Bf5 49. Bf3 Bd7 50. Bg2 Bf5 51. Bf3 Bd7 52. Bg2 1/2-1/2

[Event "Torneio Rio Masters - S2000"]
[Site "Hotel Mirador - Copacabana"]
[Date "2022.05.13"]
[Round "4.4"]
[White "Rangel, Daniel"]
[Black "Campos, Alexandre Ferreira"]
[Result "0-1"]
[WhiteElo "2207"]
[BlackElo "2025"]
[PlyCount "91"]
[EventDate "2022.05.10"]
[EventRounds "6"]
[EventCountry "BRA"]

1. d4 Nf6 2. c4 g6 3. Nc3 Bg7 4. g3 d5 5. cxd5 Nxd5 6. Bg2 Nxc3 7. bxc3 c5 8.
Nf3 cxd4 9. cxd4 Nc6 10. Be3 O-O 11. O-O Bg4 12. Rb1 Bxf3 13. Bxf3 Nxd4 14.
Bxd4 Qxd4 15. Rxb7 Rad8 16. Qxd4 Bxd4 17. Rxe7 Rfe8 18. Rb7 Rb8 19. Rxb8 Rxb8
20. e3 Bb6 21. Bd5 Rc8 22. Bb3 Kf8 23. g4 h6 24. Kg2 Ke7 25. h4 f6 26. Kf3 Rc7
27. Ke4 Rc5 28. Rd1 h5 29. Kf3 hxg4+ 30. Kxg4 Rh5 31. Bc2 f5+ 32. Kg3 Bc7+ 33.
f4 Rh8 34. e4 fxe4 35. Re1 Kf7 36. Rxe4 Bd8 37. Ra4 Bb6 38. Rc4 Bd8 39. Rc6
Bxh4+ 40. Kg4 Bd8 41. Bxg6+ Kg7 42. Bf5 Rh2 43. Be6 Bb6 44. Kf5 Rh5+ 45. Ke4
Rc5 46. Rd6 {(ilegÃƒÂ­vel)} 0-1

[Event "Torneio Rio Masters - S2000"]
[Site "Hotel Mirador - Copacabana"]
[Date "2022.05.13"]
[Round "4.5"]
[White "Lage, Pedro Ferreira"]
[Black "Ribeiro, Matheus Mendes Domi"]
[Result "1/2-1/2"]
[WhiteElo "2100"]
[BlackElo "2168"]
[PlyCount "69"]
[EventDate "2022.05.10"]
[EventRounds "6"]
[EventCountry "BRA"]

1. e4 Nf6 2. Nc3 c5 3. Nf3 Nc6 4. d4 cxd4 5. Nxd4 e6 6. Ndb5 Bb4 7. Bf4 Nxe4 8.
Qf3 d5 9. Nc7+ Kf8 10. Nxa8 e5 11. Bd2 Nd4 12. Qd1 Qh4 13. g3 Qf6 14. Nxe4 Nf3+
15. Qxf3 Qxf3 16. Bxb4+ Kg8 17. Nd6 Qxh1 18. O-O-O Be6 19. Nc7 Qxh2 20. Nxd5
Bxd5 21. Rxd5 Qxf2 22. Rxe5 Qxf1+ 23. Re1 Qxe1+ 24. Bxe1 h5 25. Nxb7 g5 26. c4
h4 27. gxh4 gxh4 28. c5 h3 29. Bg3 h2 30. Bxh2 Rxh2 31. c6 Rh6 32. Nd8 Rh5 33.
Nb7 Rh6 34. Nd8 Rh5 35. Nb7 1/2-1/2

[Event "Torneio Rio Masters - S2000"]
[Site "Hotel Mirador - Copacabana"]
[Date "2022.05.13"]
[Round "4.6"]
[White "Araujo, Renan Aparecido"]
[Black "Aranha Filho, Alvaro Z."]
[Result "1/2-1/2"]
[WhiteElo "2025"]
[BlackElo "2226"]
[PlyCount "55"]
[EventDate "2022.05.10"]
[EventRounds "6"]
[EventCountry "BRA"]

1. e4 e5 2. Nf3 Nc6 3. d4 exd4 4. Bc4 Nf6 5. e5 Ne4 6. Bd5 Nc5 7. O-O Ne6 8.
Re1 Be7 9. Nbd2 d6 10. exd6 Qxd6 11. c4 O-O 12. Ne4 Qd8 13. b3 Nb4 14. Bxe6
Bxe6 15. Nxd4 Bd7 16. a3 Nc6 17. Bb2 Re8 18. Nxc6 Bxc6 19. Qg4 g6 20. Rad1 Qc8
21. Qg3 Qf5 22. Qc3 f6 23. Nxf6+ Bxf6 24. Qxf6 Qxf6 25. Bxf6 Kf7 26. Bg5 Rxe1+
27. Rxe1 Re8 28. Rxe8 1/2-1/2

[Event "Torneio Rio Masters - S2000"]
[Site "Hotel Mirador - Copacabana"]
[Date "2022.05.13"]
[Round "4.7"]
[White "Gomes, Pedro Pessoa"]
[Black "Santos Filho, Tadeu Sousa"]
[Result "1-0"]
[WhiteElo "2016"]
[BlackElo "2016"]
[PlyCount "83"]
[EventDate "2022.05.10"]
[EventRounds "6"]
[EventCountry "BRA"]

1. c4 Nf6 2. Nc3 g6 3. g3 Bg7 4. Bg2 O-O 5. e4 d6 6. Nge2 c5 7. O-O Nc6 8. d3
Rb8 9. h3 a6 10. Be3 b5 11. cxb5 axb5 12. d4 Na5 13. dxc5 Nc4 14. cxd6 Nxe3 15.
dxe7 Qxe7 16. fxe3 Rd8 17. Qb3 Be6 18. Nd5 Qe8 19. Rad1 Nd7 20. Qb4 Bf8 21. Qe1
Rdc8 22. Nd4 Bg7 23. Rc1 Nc5 24. Nb4 Bc4 25. Rf2 Nxe4 26. Rfc2 f5 27. b3 Bf7
28. Nbc6 Rxc6 29. Rxc6 Bd5 30. R6c2 Be5 31. Ne2 b4 32. Rc5 Ba8 33. R5c4 Bd6 34.
Rd4 Qe7 35. Bxe4 Bxe4 36. Qd2 Bc5 37. Rdc4 Bb6 38. Kf2 Bb7 39. Nd4 Qe4 40. Nc6
Rd8 41. Qxd8+ Bxd8 42. Rxe4 1-0

[Event "Torneio Rio Masters - S2000"]
[Site "Hotel Mirador - Copacabana"]
[Date "2022.05.14"]
[Round "5.1"]
[White "Di Berardino, Diego Rafael"]
[Black "Silva, Kaua Marques"]
[Result "1-0"]
[WhiteElo "2490"]
[BlackElo "2126"]
[PlyCount "85"]
[EventDate "2022.05.10"]
[EventRounds "6"]
[EventCountry "BRA"]

1. d4 Nf6 2. c4 e6 3. Nf3 b6 4. g3 Bb7 5. Bg2 c5 6. d5 exd5 7. Nh4 g6 8. cxd5
Bg7 9. O-O O-O 10. Nc3 Re8 11. Re1 d6 12. Bf4 Nh5 13. Bd2 Na6 14. e4 Nc7 15. a4
a6 16. Nf5 b5 17. Nxg7 Kxg7 18. axb5 axb5 19. b4 cxb4 20. Na2 f5 21. Nxb4 fxe4
22. Bc3+ Kf7 23. Rxa8 Bxa8 24. Bxe4 Nf6 25. f3 Re7 26. Qd4 Nce8 27. Ra1 Qc8 28.
Bd3 Bb7 29. Bxb5 Qc5 30. Qxc5 dxc5 31. Nc6 Bxc6 32. dxc6 Nd6 33. Bf1 Nd5 34.
Bd2 Rc7 35. Ra6 Nb4 36. Bxb4 cxb4 37. f4 Nf5 38. Rb6 Ke6 39. Bg2 Ne3 40. Bf3
Nc2 41. Be4 Ra7 42. c7+ Kd7 43. Rd6+ 1-0

[Event "Torneio Rio Masters - S2000"]
[Site "Hotel Mirador - Copacabana"]
[Date "2022.05.14"]
[Round "5.2"]
[White "Campos, Alexandre Ferreira"]
[Black "Guimaraes, Wagner Peixoto"]
[Result "0-1"]
[WhiteElo "2025"]
[BlackElo "2204"]
[PlyCount "62"]
[EventDate "2022.05.10"]
[EventRounds "6"]
[EventCountry "BRA"]

1. e4 c5 2. Nf3 d6 3. c4 g6 4. Nc3 Bg7 5. Be2 Nc6 6. h3 Nf6 7. d3 O-O 8. O-O e5
9. Nd5 Nxd5 10. cxd5 Ne7 11. b4 b6 12. bxc5 bxc5 13. Rb1 Bd7 14. Qc2 h6 15. Bd2
f5 16. Bc3 g5 17. Nd2 g4 18. hxg4 fxg4 19. Qd1 h5 20. Nc4 Ng6 21. g3 Qg5 22.
Rb7 Bc8 23. Rxg7+ Kxg7 24. Nxd6 h4 25. Nxc8 hxg3 26. fxg3 Qe3+ 27. Kg2 Nh4+ 28.
Kh2 Rf2+ 29. Kh1 Nf3 30. Bxe5+ Kh7 31. Rxf2 Qh6+ 0-1

[Event "Torneio Rio Masters - S2000"]
[Site "Hotel Mirador - Copacabana"]
[Date "2022.05.14"]
[Round "5.3"]
[White "Viana, Dirceu"]
[Black "Da Silva, Paolo Ghiu M. Rego"]
[Result "1-0"]
[WhiteElo "2170"]
[BlackElo "2124"]
[PlyCount "71"]
[EventDate "2022.05.10"]
[EventRounds "6"]
[EventCountry "BRA"]

1. e4 c5 2. Ne2 d6 3. g3 Nf6 4. Bg2 g6 5. c3 Bg7 6. d4 Qc7 7. O-O Bd7 8. h3 Bb5
9. Be3 Nbd7 10. Na3 Ba6 11. b4 Bxe2 12. Qxe2 O-O 13. bxc5 dxc5 14. e5 Ne8 15.
Rab1 Rb8 16. Bg5 e6 17. Be7 Qa5 18. Nc4 Qa6 19. Rfe1 cxd4 20. cxd4 Nc7 21. Bxf8
Bxf8 22. Nd6 b5 23. Rec1 Qa5 24. Qc2 Ne8 25. Nxe8 Rxe8 26. Qc6 Rd8 27. Qc7 Qxc7
28. Rxc7 a6 29. Ra7 Nb8 30. Rc1 Ba3 31. Rcc7 Bb2 32. Rxf7 Bxd4 33. Rg7+ Kf8 34.
Raf7+ Ke8 35. Rxh7 Bxe5 36. Be4 1-0

[Event "Torneio Rio Masters - S2000"]
[Site "Hotel Mirador - Copacabana"]
[Date "2022.05.14"]
[Round "5.4"]
[White "Gomes, Pedro Pessoa"]
[Black "Limp, Eduardo Thelio"]
[Result "0-1"]
[WhiteElo "2016"]
[BlackElo "2322"]
[PlyCount "62"]
[EventDate "2022.05.10"]
[EventRounds "6"]
[EventCountry "BRA"]

1. c4 b6 2. Nc3 c5 3. g3 Bb7 4. e4 e6 5. Bg2 Nf6 6. Nge2 h5 7. d3 h4 8. Bg5 h3
9. Bf3 Be7 10. Nf4 Nc6 11. e5 Ng8 12. Nb5 Qb8 13. d4 Nxd4 14. Nxd4 cxd4 15.
Bxe7 Nxe7 16. O-O Bxf3 17. Qxf3 Nc6 18. Rfe1 Qc7 19. Rac1 Rd8 20. Qg4 Kf8 21.
Qf3 Kg8 22. Nd3 d6 23. exd6 Qxd6 24. c5 bxc5 25. Nxc5 Ne5 26. Qe4 Qd5 27. Qxd5
Rxd5 28. Red1 Nf3+ 29. Kh1 g5 30. Ne4 Kg7 31. g4 Rh4 0-1

[Event "Torneio Rio Masters - S2000"]
[Site "Hotel Mirador - Copacabana"]
[Date "2022.05.14"]
[Round "5.5"]
[White "Ribeiro, Matheus Mendes Domi"]
[Black "Rangel, Daniel"]
[Result "0-1"]
[WhiteElo "2168"]
[BlackElo "2207"]
[PlyCount "128"]
[EventDate "2022.05.10"]
[EventRounds "6"]
[EventCountry "BRA"]

1. c4 c6 2. Nf3 d5 3. e3 Nf6 4. Nc3 e6 5. b3 Nbd7 6. Bb2 Bd6 7. Qc2 O-O 8. Rg1
e5 9. cxd5 cxd5 10. Nb5 Bb4 11. a3 Be7 12. Nxe5 a6 13. Nc7 Nxe5 14. Nxa8 Nc6
15. Bxa6 Qa5 16. Bd3 Qxa8 17. g4 g6 18. g5 Ng4 19. f4 Nxh2 20. Rh1 Ng4 21. Ke2
d4 22. Rh4 Kg7 23. f5 h5 24. gxh6+ Nxh6 25. Rxd4 Nxd4+ 26. Bxd4+ f6 27. Rg1 Qb8
28. Rxg6+ Kh7 29. Be4 Qh2+ 30. Rg2 Qh5+ 31. Bf3 Qf7 32. e4 Rg8 33. Rxg8 Qxg8
34. Qc7 Qd8 35. Qc4 b5 36. Qc3 Ba6 37. b4 Bb7 38. d3 Qd6 39. Bf2 Qf4 40. Qb3
Qe5 41. d4 Qc7 42. Be3 Qh2+ 43. Kd3 Qc7 44. Bxh6 Kxh6 45. Qg8 Qc4+ 46. Qxc4
bxc4+ 47. Kxc4 Kg5 48. a4 Kf4 49. Bh1 Ke3 50. a5 Bd8 51. Kc5 Be7+ 52. Kc4 Bd8
53. Bg2 Kf2 54. e5 Bxg2 55. Kc5 Be7+ 56. Kb6 Bxb4 57. a6 Ke3 58. Kc7 Kxd4 59.
exf6 Ke5 60. f7 Kf6 61. a7 Kxf7 62. Kb8 Bd6+ 63. Kc8 Bc6 64. Kd8 Kf6 0-1

[Event "Torneio Rio Masters - S2000"]
[Site "Hotel Mirador - Copacabana"]
[Date "2022.05.14"]
[Round "5.6"]
[White "Lage, Pedro Ferreira"]
[Black "Araujo, Renan Aparecido"]
[Result "1/2-1/2"]
[WhiteElo "2100"]
[BlackElo "2025"]
[PlyCount "116"]
[EventDate "2022.05.10"]
[EventRounds "6"]
[EventCountry "BRA"]

1. Nf3 Nf6 2. c4 e6 3. g3 d5 4. Bg2 Be7 5. O-O O-O 6. d4 c6 7. Nbd2 b6 8. Qc2
Bb7 9. e4 Na6 10. Ne5 Nb4 11. Qc3 c5 12. dxc5 Bxc5 13. a3 d4 14. Qb3 Nc6 15.
Nd3 Be7 16. e5 Nd7 17. f4 Na5 18. Qc2 Bxg2 19. Kxg2 Rc8 20. b3 b5 21. Bb2 bxc4
22. Nxc4 Nb6 23. Rfc1 Qd5+ 24. Kg1 Nbxc4 25. bxc4 Rxc4 26. Qd1 Nb3 27. Qxb3
Rxc1+ 28. Nxc1 Qxb3 29. Nxb3 Rb8 30. Rc1 g5 31. Bxd4 Rxb3 32. Rc7 Bxa3 33. f5
Rd3 34. fxe6 Rxd4 35. e7 Bxe7 36. Rxe7 a5 37. e6 fxe6 38. Rxe6 g4 39. Re7 a4
40. Kf2 Rd2+ 41. Ke3 Rxh2 42. Re4 a3 43. Rxg4+ Kf7 44. Ra4 a2 45. Ra6 Ke7 46.
Kd4 Kd7 47. Kc4 Rg2 48. Kb3 h5 49. Kc4 Kc7 50. Kb3 Rxg3+ 51. Kxa2 Rg5 52. Kb3
Kd7 53. Kc4 Ke7 54. Kd4 Kf7 55. Ke4 Kg7 56. Kf4 Rg1 57. Kf3 h4 58. Ra4 h3
1/2-1/2

[Event "Torneio Rio Masters - S2000"]
[Site "Hotel Mirador - Copacabana"]
[Date "2022.05.14"]
[Round "5.7"]
[White "Aranha Filho, Alvaro Z."]
[Black "Santos Filho, Tadeu Sousa"]
[Result "1/2-1/2"]
[WhiteElo "2226"]
[BlackElo "2016"]
[PlyCount "84"]
[EventDate "2022.05.10"]
[EventRounds "6"]
[EventCountry "BRA"]

1. d4 d5 2. c4 e6 3. Nc3 a6 4. e3 Nf6 5. Nf3 c5 6. a3 dxc4 7. Bxc4 b5 8. Bd3
Bb7 9. O-O Nbd7 10. Qe2 cxd4 11. exd4 Be7 12. Rd1 O-O 13. Ne5 Nb6 14. Bg5 Nbd5
15. Bd2 Nxc3 16. bxc3 Qd5 17. f3 Rfc8 18. Re1 Qd8 19. Kh1 Nd5 20. Nxf7 Kxf7 21.
Qxe6+ Kf8 22. Bxh7 Nf6 23. Bg6 Bd5 24. Qh3 Bf7 25. Bf5 Rc7 26. Bf4 Rxc3 27. Be5
Ng8 28. d5 Bf6 29. Be6 Bxe5 30. Bxf7 Kxf7 31. Qe6+ Kf8 32. Qxe5 Rc5 33. Qf4+
Qf6 34. Qb4 Qd6 35. Re6 Qxd5 36. Qf4+ Nf6 37. Rxf6+ gxf6 38. Qxf6+ Qf7 39. Qh8+
Qg8 40. Qf6+ Qf7 41. Qh8+ Qg8 42. Qf6+ Qf7 1/2-1/2

[Event "Torneio Rio Masters - S2000"]
[Site "Hotel Mirador - Copacabana"]
[Date "2022.05.15"]
[Round "6.1"]
[White "Limp, Eduardo Thelio"]
[Black "Di Berardino, Diego Rafael"]
[Result "0-1"]
[WhiteElo "2322"]
[BlackElo "2490"]
[PlyCount "39"]
[EventDate "2022.05.10"]
[EventRounds "6"]
[EventCountry "BRA"]

1. Nf3 c5 2. c4 Nf6 3. e3 g6 4. b3 Bg7 5. Bb2 O-O 6. Be2 b6 7. O-O Bb7 8. d4 e6
9. Nc3 Nc6 10. Rc1 Qe7 11. d5 exd5 12. Nxd5 Nxd5 13. Bxg7 Kxg7 14. cxd5 Nb4 15.
d6 Qf6 16. Qd2 Rfe8 17. a3 Nc6 18. b4 Ne5 19. bxc5 Bxf3 20. Bxf3 0-1

[Event "Torneio Rio Masters - S2000"]
[Site "Hotel Mirador - Copacabana"]
[Date "2022.05.15"]
[Round "6.2"]
[White "Viana, Dirceu"]
[Black "Guimaraes, Wagner Peixoto"]
[Result "1/2-1/2"]
[WhiteElo "2170"]
[BlackElo "2204"]
[PlyCount "23"]
[EventDate "2022.05.10"]
[EventRounds "6"]
[EventCountry "BRA"]

1. d4 Nf6 2. c4 g6 3. Nc3 Bg7 4. e4 d6 5. f3 O-O 6. Be3 e5 7. d5 Nh5 8. Qd2
Qh4+ 9. g3 Qe7 10. Bd3 f5 11. exf5 gxf5 12. Nge2 1/2-1/2

[Event "Torneio Rio Masters - S2000"]
[Site "Hotel Mirador - Copacabana"]
[Date "2022.05.15"]
[Round "6.3"]
[White "Rangel, Daniel"]
[Black "Da Silva, Paolo Ghiu M. Rego"]
[Result "0-1"]
[WhiteElo "2207"]
[BlackElo "2124"]
[PlyCount "82"]
[EventDate "2022.05.10"]
[EventRounds "6"]
[EventCountry "BRA"]

1. d4 Nf6 2. c4 e6 3. Nf3 d5 4. g3 Bb4+ 5. Bd2 Be7 6. Bg2 O-O 7. O-O c6 8. b3
b6 9. Nc3 Bb7 10. Bf4 Nbd7 11. Qd3 Rc8 12. Ne5 Nxe5 13. dxe5 Nd7 14. h4 Qc7 15.
Rac1 Qb8 16. e4 Nc5 17. Qf3 dxc4 18. bxc4 Ba6 19. Nd1 Rfd8 20. Rc3 Rd4 21. Qe2
Rcd8 22. Nb2 b5 23. h5 bxc4 24. Be3 R4d7 25. Nxc4 Qb4 26. Rc2 Nd3 27. Nd6 Qa4
28. Nxf7 Nxe5 29. Qxa6 Qxa6 30. Nxe5 Rd1 31. Rxc6 Qxa2 32. Rc7 Bf6 33. Rxa7
Rxf1+ 34. Bxf1 Qb1 35. Nc4 Qxe4 36. Nd2 Qb4 37. Bc4 Rxd2 38. Bxe6+ Kf8 39. Bxd2
Qxd2 40. Kg2 Qd4 41. Ra8+ Ke7 0-1

[Event "Torneio Rio Masters - S2000"]
[Site "Hotel Mirador - Copacabana"]
[Date "2022.05.15"]
[Round "6.4"]
[White "Silva, Kaua Marques"]
[Black "Campos, Alexandre Ferreira"]
[Result "1-0"]
[WhiteElo "2126"]
[BlackElo "2025"]
[PlyCount "53"]
[EventDate "2022.05.10"]
[EventRounds "6"]
[EventCountry "BRA"]

1. e4 c5 2. Nf3 Nc6 3. Bb5 Na5 4. d4 a6 5. Be2 e6 6. O-O cxd4 7. Nxd4 Nf6 8.
Nc3 d6 9. f4 e5 10. Nf5 Bxf5 11. exf5 Be7 12. Bf3 Qb6+ 13. Kh1 O-O 14. g4 exf4
15. g5 Nd7 16. Bxf4 Ne5 17. Nd5 Qd8 18. f6 gxf6 19. Bxe5 fxe5 20. Be4 Bxg5 21.
Qh5 h6 22. h4 f5 23. Qg6+ Kh8 24. Bxf5 Rxf5 25. Rxf5 Bd2 26. Nf6 Qe7 27. Rg1
1-0

[Event "Torneio Rio Masters - S2000"]
[Site "Hotel Mirador - Copacabana"]
[Date "2022.05.15"]
[Round "6.6"]
[White "Araujo, Renan Aparecido"]
[Black "Gomes, Pedro Pessoa"]
[Result "1-0"]
[WhiteElo "2025"]
[BlackElo "2016"]
[PlyCount "71"]
[EventDate "2022.05.10"]
[EventRounds "6"]
[EventCountry "BRA"]

1. d4 Nf6 2. c4 g6 3. Nc3 Bg7 4. e4 O-O 5. Nf3 d6 6. h3 c5 7. d5 e6 8. Bd3 Re8
9. O-O exd5 10. exd5 Nbd7 11. Be3 a6 12. Qd2 Ne5 13. Nxe5 Rxe5 14. Rae1 Bf5 15.
f4 Re8 16. g4 Bxd3 17. Qxd3 Nd7 18. Bf2 Qb6 19. b3 Rad8 20. Bh4 Rb8 21. Ne4 h6
22. g5 Bd4+ 23. Kh1 h5 24. Nf6+ Nxf6 25. gxf6 Qa5 26. f5 g5 27. Rxe8+ Rxe8 28.
Qg3 g4 29. Qf4 Be3 30. Qxd6 Qc3 31. Qg3 Qd3 32. Re1 Qxf5 33. hxg4 hxg4 34. Rxe3
Rxe3 35. Qxe3 Qf1+ 36. Kh2 1-0

[Event "Torneio Rio Masters - S2000"]
[Site "Hotel Mirador - Copacabana"]
[Date "2022.05.15"]
[Round "6.7"]
[White "Santos Filho, Tadeu Sousa"]
[Black "Lage, Pedro Ferreira"]
[Result "1/2-1/2"]
[WhiteElo "2016"]
[BlackElo "2100"]
[PlyCount "20"]
[EventDate "2022.05.10"]
[EventRounds "6"]
[EventCountry "BRA"]

1. e4 e6 2. d4 d5 3. exd5 exd5 4. Bd3 Nf6 5. Ne2 Be7 6. Bf4 O-O 7. h3 Re8 8.
O-O Bd6 9. Bxd6 Qxd6 10. Nd2 c6 {(=)} 1/2-1/2